000 00927njm a2200289Ia 4500
001 37682
003 IT-RoPAU
005 20220918181136.0
008 131025s9999 xx 000 0 und d
040 _aIT-RoPAU
040 _cIT-RoPAU
999 _c100902
_d100902
999 _bn.d.
100 _aRitenour Lee
_919817
100 _eAutore musica
_919818
100 _gCodice autore musica SPICS: 17348
_919819
245 _aOn the Line
250 _a1a ed.
260 _aGERMANY
260 _bELEKTRA RECORDS
_c1983 [1a Ed.:1983 - Ed. Lingua Orig.: 1983]
300 _aDISCO
300 _c39 minuti (Testo: 2 pag.)
500 _aMusica jazz
505 _aThe Rit Variations - Starbright - Pedestrian - Dolphin Dreams - California Roll - Heavenly Bodies - On the Line - Tush
650 _aJAZZ [DISCHI]
_eCodice MATERIA SPICS: 9950
_919820
700 _aRitenour Lee
_gCodice interprete SPICS: 17348
_eInterprete
_919821
942 _cMD
_2ddc